Cities with the Tallest Building by Country - Statistics

General Stats
  • This quiz has been taken 52 times
  • The average score is 15 of 22
Answer Stats
Country City % Correct
United Arab Emirates Dubai
100%
United States New York City
98%
China Shanghai
96%
Russia Saint Petersburg
89%
Canada Toronto
89%
Germany Frankfurt
87%
Turkey Istanbul
87%
South Africa Johannesburg
85%
Italy Milan
85%
India Mumbai
85%
Israel Tel Aviv
83%
Netherlands Rotterdam
74%
Saudi Arabia Mecca
72%
Sweden Gothenburg
60%
Croatia Split
51%
Switzerland Basel
45%
Mexico Monterrey
43%
Czech Republic Brno
40%
Ecuador Guayaquil
40%
Australia Gold Coast
38%
Iraq Erbil
23%
Georgia Batumi
17%
No matching quizzes found
Score Distribution
Percent of People with Each Score
Percentile by Number Answered
Your Score History
You have not taken this quiz